| 000 | 00706cai a22001815a 4500 | ||
|---|---|---|---|
| 001 | E147690 | ||
| 008 | 090605u xxk g 000 0 eng d | ||
| 035 | _a(Sirsi) u147690 | ||
| 041 | 0 | _aeng | |
| 110 | 2 | _aHomes for Scotland | |
| 245 | 0 | 0 |
_aHomes for Scotland _h[electronic resource] |
| 520 | _aWebsite for Homes for Scotland, an organisation which represents Scotland's private home building industry. Includes facts and figures, publications, research and a members directory. | ||
| 590 | _aKA | ||
| 651 | 4 |
_aScotland _y1999- |
|
| 690 |
_aResidential property _96266 |
||
| 856 | 4 | 0 |
_uhttps://www.homesforscotland.com/Home.aspx _zView the website free of charge at www.homesforscotland.com... |
| 942 | _n0 | ||
| 999 |
_c120802 _d120802 |
||